Podnikové krízy, ich príčiny a ich prekonávanie

Manažment podnikov prvovýroby pracuje v podmienkach dlhotrvajúcej krízy, ktorá je spôsobená prevažne externými, ale aj internými príčinami. Ďalší rozvoj podnikov bude závislý od kvality riadenia. Rizikové oblasti, na ktoré sa musí manažment podnikov zamerať pri predchádzaní podnikovej krízy.

Saved in:
Bibliographic Details
Main Author: Višňovský, Jozef
Other Authors: Grofík, R.
Format: Book Chapter
Language:Slovak
Subjects:
Tags: Add Tag
No Tags, Be the first to tag this record!

MARC

LEADER 00000naa a2200000 4500
001 r024239
005 20221129134049.3
041 0 |a slo 
044 |a CZ 
245 1 0 |a Podnikové krízy, ich príčiny a ich prekonávanie  |c Jozef Višňovský, R. Grofík 
520 |a Manažment podnikov prvovýroby pracuje v podmienkach dlhotrvajúcej krízy, ktorá je spôsobená prevažne externými, ale aj internými príčinami. Ďalší rozvoj podnikov bude závislý od kvality riadenia. Rizikové oblasti, na ktoré sa musí manažment podnikov zamerať pri predchádzaní podnikovej krízy. 
610 2 0 |a podnik poľnohospodársky 
610 2 0 |a riadenie podnikové 
610 2 0 |a manažment 
610 2 0 |a podnikanie 
610 2 0 |a výroba poľnohospodárska 
100 1 |a Višňovský, Jozef 
700 1 |a Grofík, R.